000 00627nam a2200229Ia 4500
003 OSt
005 20220925210914.0
006 a|||||r|||| 00| 0
007 ta
008 220923b |||||||| |||| 00| 0 eng d
037 _cGeneral Book
040 _aRTL
_cRTL
_beng
041 _2eng
_aeng
082 _aX:97.2.N9, N2
100 _aMathur B L Ed.
245 0 _aManagement of industrial relations
260 _aJaipur
_bNational India
_c1992
300 _a206p.
_ccm.
650 _aIndustrial Relations
_9232314
942 _hX:97.2.N9, N2
_cGB
_2CC
999 _c556215
_d556215